| 000 | | | 04359nmc2a22002653x 450 |
| 001 | | | f724a73b-72c4-40dc-82d8-bf2af3dd5176 |
| 005 | | | 20230807223800.0 |
| 100 | ## | $a | 20230202l18521853k l0rusy0189 ca |
| 101 | 0# | $a | rus |
| 102 | ## | $a | RU |
| 105 | ## | $a | y### |
| 122 | 2# | $a | d |
| 200 | 1# | $a | Ведомости о капиталах Министерства народного просвещения с указанием места их хранения и использования получаемых от них процентов |
| | $j | 19 октября 1852 г. - 14 февраля 1853 г. |
| 215 | ## | $a | 131 л. |
| | $d | 36,5х26 см |
| 251 | ## | $c | Дело |
| 300 | ## | $a | Четвертое отделение, первый счетный стол |
| 300 | ## | $a | Ориг. заголовок дела: Дело по отношению господина статс-секретаря Танеева о представлении его императорскому величеству ведомости о капиталах и суммах по ведомству Министерства народного просвещения. 19 октября 1852 г. - 14 февраля 1853 г |
| 371 | ## | $a | Документ не является опубликованным и широко распространяемым |
| 461 | #0 | $1 | 001a74412a3-3cc5-4d21-8f0a-dfe2fbd9e72d |
| | $1 | 2001 |
| | $a | Департамент народного просвещения Министерства народного просвещения (1803-1917) |
| | $1 | 251 |
| | $c | Фонд |
| | $1 | 852 |
| | $j | 733 |
| 462 | #0 | $1 | 001d62b53e1-5655-45d9-b89e-1f82e5890d07 |
| | $1 | 2001 |
| | $a | Дела третьего отделения хозяйственного стола, четвертого и пятого отделений первого счетного стола |
| | $1 | 251 |
| | $c | Опись |
| | $1 | 852 |
| | $j | 232 |
| 517 | 1# | $a | Дело по отношению господина статс-секретаря Танеева о представлении его императорскому величеству ведомости о капиталах и суммах по ведомству Министерства народного просвещения. 19 октября 1852 г. - 14 февраля 1853 г |
| 801 | #0 | $a | RU |
| | $b | РГИА |
| | $c | 20230202 |
| | $g | RCR |
| 801 | #1 | $a | RU |
| | $b | ГлавНИВЦ |
| | $c | 20230202 |
| | $2 | rusmarc |
| 801 | #2 | $a | RU |
| | $b | ПБ им. Б.Н. Ельцина |
| | $c | 20230807 |
| | $g | RCR |
| | $2 | rusmarc |
| 850 | ## | $a | РГИА |
| 852 | ## | $a | РГИА |
| | $e | Федеральное казенное учреждение "Российский государственный исторический архив" (РГИА) |
| | $j | 46 |
| 937 | ## | $h | РГИА |
| | $d | 12396049 |
| | $a | ASBIBLIO_SCAN |
| 035 | ## | $a | RusGRCC00058545 |
| 856 | ## | $u | http://readingroom.main.prlib.ru/item.aspx?id_node=n187079024&mode=full |